Jim Yenckel's great getaway guide. (Запис № 514323)

МАРК-запис
000 -LEADER
fixed length control field 01595cam a2200361Ia 4500
001 - CONTROL NUMBER
control field jimyenckelsgreat00yenc
003 - CONTROL NUMBER IDENTIFIER
control field CaSfIA
005 - DATE AND TIME OF LATEST TRANSACTION
control field 20210118161253.0
007 - PHYSICAL DESCRIPTION FIXED FIELD--GENERAL INFORMATION
fixed length control field cr||||
008 - FIXED-LENGTH DATA ELEMENTS--GENERAL INFORMATION
fixed length control field 860110s1985 vau 000 0 eng d
040 ## - CATALOGING SOURCE
Original cataloging agency DWP
Transcribing agency DWP
Modifying agency OCL
-- OCLCQ
-- CaSfIA
020 ## - INTERNATIONAL STANDARD BOOK NUMBER
International Standard Book Number 0936856130
Terms of availability $6.95
020 ## - INTERNATIONAL STANDARD BOOK NUMBER
International Standard Book Number 9780936856131
035 ## - SYSTEM CONTROL NUMBER
System control number (OCoLC)13000377
043 ## - GEOGRAPHIC AREA CODE
Geographic area code n-us---
092 ## - LOCALLY ASSIGNED DEWEY CALL NUMBER (OCLC)
Classification number 917.5
Item number Y45
100 1# - MAIN ENTRY--PERSONAL NAME
Personal name Yenckel, Jim.
245 10 - TITLE STATEMENT
Title Jim Yenckel's great getaway guide.
Medium [electronic resource]
260 ## - PUBLICATION, DISTRIBUTION, ETC. (IMPRINT)
Place of publication, distribution, etc Alexandria, VA :
Name of publisher, distributor, etc Andrik Associates Publ.,
Date of publication, distribution, etc c1985.
300 ## - PHYSICAL DESCRIPTION
Extent vi, 240 p.
Other physical details ill.
500 ## - GENERAL NOTE
General note "From full-of-fun bargain weeks to first class pampering and high adventure in the out-of-doors in Wash DC/MD/VA/PA/DE/NJ/NC/WV."
506 ## - RESTRICTIONS ON ACCESS NOTE
Standardized terminology for access restriction Необхідна авторизація на https://archive.org/ (створення облікового запису безкоштовно)
506 ## - RESTRICTIONS ON ACCESS NOTE
Standardized terminology for access restriction Необхідна авторизація на https://openlibrary.org/ (створення облікового запису безкоштовно)
651 #0 - SUBJECT ADDED ENTRY--GEOGRAPHIC NAME
Geographic name Washington Metropolitan Area
Form subdivision Guidebooks.
651 #0 - SUBJECT ADDED ENTRY--GEOGRAPHIC NAME
Geographic name Atlantic States
Form subdivision Guidebooks.
651 #0 - SUBJECT ADDED ENTRY--GEOGRAPHIC NAME
Geographic name Southern States
Form subdivision Guidebooks.
650 #0 - SUBJECT ADDED ENTRY--TOPICAL TERM
Topical term or geographic name as entry element Vacations
Geographic subdivision Atlantic States.
650 #0 - SUBJECT ADDED ENTRY--TOPICAL TERM
Topical term or geographic name as entry element Vacations
Geographic subdivision Southern States.
740 01 - ADDED ENTRY--UNCONTROLLED RELATED/ANALYTICAL TITLE
Uncontrolled related/analytical title Great getaway guide.
856 41 - ELECTRONIC LOCATION AND ACCESS
Uniform Resource Identifier <a href="http://www.archive.org/details/jimyenckelsgreat00yenc">http://www.archive.org/details/jimyenckelsgreat00yenc</a>
Public note Free eBook from the Internet Archive
856 42 - ELECTRONIC LOCATION AND ACCESS
Uniform Resource Identifier <a href="http://www.openlibrary.org/books/OL2750199M">http://www.openlibrary.org/books/OL2750199M</a>
Public note Additional information and access via Open Library
942 ## - ADDED ENTRY ELEMENTS (KOHA)
Koha item type ЕКнига

Немає доступних примірників.